| 000 | 02270nam a2200409 a 4500 | ||
|---|---|---|---|
| 001 | ebr10315419 | ||
| 003 | CaPaEBR | ||
| 006 | m u | ||
| 007 | cr cn||||||||| | ||
| 008 | 080919s2009 cau sb 001 0 eng | ||
| 010 | _z 2008041669 | ||
| 020 | _z9781576754795 (pbk. : alk. paper) | ||
| 020 | _z1576754790 (pbk. : alk. paper) | ||
| 040 |
_aCaPaEBR _cCaPaEBR |
||
| 035 | _a(OCoLC)309882099 | ||
| 050 | 1 | 4 |
_aHB615 _b.L96 2009eb |
| 082 | 0 | 4 |
_a361.7068 _222 |
| 100 | 1 |
_aLynch, Kevin, _d1956 Nov. 15- |
|
| 245 | 1 | 0 |
_aMission, Inc _h[electronic resource] : _ba practitioner's guide to social enterprise / _cKevin Lynch, Julius Walls, Jr. |
| 250 | _a1st ed. | ||
| 260 |
_aSan Francisco : _bBerrett-Koehler Publishers, Inc. : _bIngram Publishers Services [distributor], _cc2009. |
||
| 300 | _axxv, 187 p. | ||
| 490 | 1 | _aThe social venture network series | |
| 504 | _aIncludes bibliographical references (p. 175-179) and index. | ||
| 505 | 0 | _aThe most successful business on earth -- The ten paradoxes of social enterprise -- Doing good versus doing well: balancing impact and profit -- Form versus function: choosing the right structure -- Planning versus practice: working with discipline -- Debits versus credits: creating financial health -- Do-gooders versus good doers: hiring the best people -- Perception versus reality: marketing on higher ground -- Value versus waste: leaning the enterprise -- Metrics versus instinct: measuring success -- Growth versus focus: expanding sensibly -- Sweat equity versus blood equity: caring for yourself. | |
| 533 |
_aElectronic reproduction. _bPalo Alto, Calif. : _cebrary, _d2013. _nAvailable via World Wide Web. _nAccess may be limited to ebrary affiliated libraries. |
||
| 650 | 0 |
_aEntrepreneurship _xMoral and ethical aspects. |
|
| 650 | 0 | _aSocial entrepreneurship. | |
| 650 | 0 | _aSocial responsibility of business. | |
| 650 | 0 |
_aIndustrial management _xMoral and ethical aspects. |
|
| 650 | 0 | _aQuality of work life. | |
| 655 | 7 |
_aElectronic books. _2local |
|
| 700 | 1 | _aWalls, Julius. | |
| 710 | 2 | _aebrary, Inc. | |
| 830 | 0 | _aSocial venture network series. | |
| 856 | 4 | 0 |
_uhttp://site.ebrary.com/lib/rucke/Doc?id=10315419 _zAn electronic book accessible through the World Wide Web; click to view |
| 999 |
_c57114 _d57114 |
||